000 00431cam a2200181ua 4500
020 _c$16
041 _aeng
_h
082 _a821
_bBUR/PO
100 _aBurn, Robert .
245 _aPoetical works of Robert Burn /
_cRobert Burn.
_hTextual Documents
260 _aLondon :
_bOxford University Press ,
_c1963.
300 _a635 ; .
365 _a$16
504 _a
650 _aPoetry
942 _cBK
999 _c510
_d510